logo

Bir Sreshtho Munshi Abdur Rouf Library
Jhenaidah Cadet College

How to Use Your Enemies / (Record no. 14365)

MARC details
000 -LEADER
fixed length control field 00671nam a22002417a 4500
001 - CONTROL NUMBER
JCCL Control Number 14365
003 - CONTROL NUMBER IDENTIFIER
JCCL marc code BD-JhCC
005 - DATE AND TIME OF LATEST TRANSACTION
control field 20250729105612.0
008 - FIXED-LENGTH DATA ELEMENTS--GENERAL INFORMATION
fixed length control field 250728b |||||||| |||| 00| 0 eng d
020 ## - INTERNATIONAL STANDARD BOOK NUMBER
International Standard Book Number 9780141398273
035 ## - SYSTEM CONTROL NUMBER
system control number (BD-JhCC) 14365
040 ## - CATALOGING SOURCE
Original cataloging agency BD-JhCC
Modifying agency BD-JhCC
041 ## - LANGUAGE CODE
Language code of Book eng
082 ## - DEWEY DECIMAL CLASSIFICATION NUMBER
DDC Edition number 23
Classification number 158.1
Author mark and Year GRA
100 ## - MAIN ENTRY--PERSONAL NAME
Personal name Gracian,Baltasar
245 ## - TITLE STATEMENT
Title How to Use Your Enemies /
Statement of responsibility, etc Baltasar Gracian, Translated by Jeremy Robbins
260 ## - PUBLICATION, DISTRIBUTION, ETC. (IMPRINT)
Place of publication, distribution, etc India:
Name of publisher, distributor, etc Penguin Classics,
Date of publication, distribution, etc 2015
300 ## - PHYSICAL DESCRIPTION
Pagination 53 p.
Dimensions 16 cm.
490 ## - SERIES STATEMENT
Series statement Penguin Little Black Classics,
Volume number/sequential designation 12
650 ## - SUBJECT ADDED ENTRY--TOPICAL TERM
Topical term or geographic name as entry element English Motivational book
700 ## - ADDED ENTRY--PERSONAL NAME
Personal name Robbins,Jeremy
942 ## - ADDED ENTRY ELEMENTS (KOHA)
Source of classification or shelving scheme Dewey Decimal Classification
Koha item type Books
Holdings
Source of classification or shelving scheme Damaged status Not for loan Collection code Home library Current library Shelving location Date of accession Total Checkouts Full call number Barcode Date last seen Copy number Koha item type
Dewey Decimal Classification     Non-fiction JCC Rouf Library JCC Rouf Library General Stacks     158.1 GRA 20115 07/28/2025 C-1 Books

JCC Library | Contacts | JCC Home

Last Update on 23 September 2017
Copyright @ 2017-2020 JCC Rouf Library
Rouf Library, Jhenidah Cadet College (JCC), Bangladesh